Statistics for Svenska mästare i bandy

Click here to take the quiz!

General Stats

  • This quiz has been taken 127 times
    (100 since last reset)
  • The average score is 13 of 26

Answer Stats

AntalLag% Correct
13Edsbyns IF
88%
2Hammarby IF
88%
3Villa Lidköping BK
86%
9Sandvikens AIK
84%
2Bollnäs GoIF
83%
21Västerås SK
78%
3AIK
77%
9IF Boltic
67%
5IK Sirius
66%
3Vetlanda BK
63%
2Djurgårdens IF
59%
1IFK Motala
55%
2Falu BS
52%
5Örebro SK
50%
5Brobergs IF
47%
3Katrineholms SK
41%
1Ljusdals BK
41%
12IFK Uppsala
34%
1Nässjö IF
33%
4IK Göta
28%
2Skutskärs IF
23%
4Slottsbrons IF
22%
3IF Göta
19%
1Västanfors IF
19%
2IK Huge
11%
1SK Tirfing
8%

Score Distribution

Percentile by Number Answered

Percent of People with Each Score

Your Score History

You have not taken this quiz since the last reset